Born On This Day (September) Quiz Stats

Quiz Updated Sep 26, 2012

Challenge
Share
Tweet
Embed
Score 0/30 Timer 08:00
0 Plays Today
Date Name % Correct
September 2Keanu Reeves
88%
September 4Beyoncé Knowles
82.3%
September 21Stephen King
78%
September 24Jim Henson
73%
September 16David Copperfield
70%
September 12Jesse Owens
68.9%
September 19Adam West
67.5%
September 15Agatha Christie
62.9%
September 7Elizabeth I
60.8%
September 6Joseph P. Kennedy
60.8%
September 5Louis XIV
60%
September 13Roald Dahl
58.9%
September 27Avril Lavigne
56.3%
September 8Peter Sellers
55%
September 28Confucius
50.9%
Date Name % Correct
September 29Horatio Nelson
48.5%
September 22Anne of Cleves
42.9%
September 23Augustus
42.8%
September 20Sophia Loren
42.5%
September 10Guy Ritchie
37.4%
September 1Rocky Marciano
32.7%
September 9William Bligh
32.3%
September 11D.H. Lawrence
30.9%
September 14Dmitry Medvedev
28.1%
September 3Ferdinand Porsche
26.6%
September 17Hank Williams
25.8%
September 25Fletcher Christian
24.8%
September 18Samuel Johnson
24.3%
September 30Marc Bolan
17.9%
September 26Anthony Blunt
5.2%

You're not logged in!

Compare scores with friends on all Sporcle quizzes.
Sign Up with Email
OR
Log In

You Might Also Like...

Show Comments

Extras

Top Quizzes Today


Score Distribution

Your Account Isn't Verified!

In order to create a playlist on Sporcle, you need to verify the email address you used during registration. Go to your Sporcle Settings to finish the process.